| 000 | 00446nam a2200181 i 4500 | ||
|---|---|---|---|
| 001 | bg | ||
| 100 | 1 | _aAJRAPETOV, D. P. | |
| 245 | 0 |
_aMateriał i architektura / _cD.P. Ajrapietow. |
|
| 260 |
_aWarszawa, _c1985. |
||
| 650 | 9 | _aMateriały budowlane | |
| 650 | 9 |
_aArchitektura _xzagadnienia |
|
| 700 | 1 | _aAjrapietow D. P.,. | |
| 040 | _cBPK | ||
| 041 | _apol | ||
| 080 | _a72:691 | ||
| 942 | _cKS | ||
| 008 | s pl f |000 0 pol | ||
| 999 |
_c23016 _d23016 |
||
| 856 |
_uhttp://koha.tu.koszalin.pl/cgi-bin/koha/opac-detail.pl?biblionumber=23016 _yKatalog online BPK |
||